[Event "AUTO-ADV-3373"]
[Site "http://www.queenalice.com/game.php?id=1386205"]
[Date "2015.9.29"]
[Round "2"]
[White "Paked"]
[Black "Janivgm"]
[Result "1-0"]
[WhiteElo "1952"]
[BlackElo "2009"]

1. e4 e5 2. Nf3 Nf6 3. d3 Nc6 4. Be2 Be7 5. Nc3 d6 6. h3 Be6 7. Bg5 h6 8. Bxf6
Bxf6 9. Nd5 O-O 10. c4 Ne7 11. Nxf6+ gxf6 12. Nh4 Ng6 13. Nf5 Qd7 14. Bg4 Bxf5
15. Bxf5 Qe7 16. h4 Rfe8 17. Qg4 Qf8 18. h5 Qg7 19. hxg6 fxg6 20. Be6+ Kf8 21.
Qh3 h5 22. Ke2 c6 23. g4 Qe7 24. gxh5 Qxe6 25. Qxe6 Rxe6 26. hxg6 Kg7 27. Rh7+
Kxg6 28. Rxb7 f5 29. Rg1+ Kh6 30. exf5 Rf6 31. Rd7 Rb8 32. b3 Ra8 33. Rg6+ Rxg6
34. fxg6 Rc8 35. Rxd6 c5 36. Ke3 Kg7 37. Ke4 Rf8 38. f3 Rf4+ 39. Ke3 Rh4 40. Ra6
Rh2 41. Ke4 Re2+ 42. Kf5 Re3 43. Rxa7+ Kg8 44. Rd7 Rxf3+ 45. Kxe5 Rf2 46. a4 Rb2
47. a5 Rxb3 48. Kf6 Rb8 49. a6 Rb6+ 50. Kg5 Rxa6 51. Kh6 Ra8 52. Rc7 1-0

[Event "AUTO-ADV-3373"]
[Site "http://www.queenalice.com/game.php?id=1386206"]
[Date "2015.9.29"]
[Round "2"]
[White "Janivgm"]
[Black "Paked"]
[Result "1-0"]
[WhiteElo "2009"]
[BlackElo "1952"]

1. d4 d5 2. c4 e6 3. Nc3 Nf6 4. Nf3 Bb4 5. Bg5 h6 6. Bxf6 Qxf6 7. e3 O-O 8. Rc1
c5 9. cxd5 exd5 10. Be2 Bg4 11. O-O Bxf3 12. Bxf3 Bxc3 13. bxc3 cxd4 14. cxd4
Nc6 15. Bxd5 Rac8 16. Qb3 Na5 17. Qb5 b6 18. h3 Rcd8 19. Bf3 Qe6 20. a4 Qb3 21.
Rc7 Qxb5 22. axb5 Rc8 23. Rxa7 Nb3 24. Bc6 Na5 25. d5 Nxc6 26. dxc6 1-0

[Event "AUTO-ADV-3373"]
[Site "http://www.queenalice.com/game.php?id=1386207"]
[Date "2015.9.29"]
[Round "2"]
[White "Paked"]
[Black "jlpbarreto"]
[Result "1/2-1/2"]
[WhiteElo "1981"]
[BlackElo "1859"]

1. e4 e5 2. Nf3 Nc6 3. Bc4 Bc5 4. O-O Nf6 5. Nc3 O-O 6. d3 h6 7. a3 d6 8. Be3
Bb6 9. Nd5 Be6 10. Bxb6 axb6 11. b4 Ne7 12. Nxf6+ gxf6 13. Nh4 Kh7 14. Qh5 Qe8
15. Nf5 Nxf5 16. exf5 Bxc4 17. dxc4 Rg8 18. f4 exf4 19. Rxf4 Rg5 20. Qh3 Qg8 21.
Rh4 Qg7 22. Re1 Rg8 23. g3 Rg4 24. Re7 Rxh4 25. Qxh4 Rc8 26. c5 bxc5 27. bxc5
dxc5 28. Qc4 Kg8 29. Qxc5 Qg5 30. Qc4 Qh5 31. g4 b5 32. gxh5 bxc4 33. Re4 Ra8
34. Rxc4 Rxa3 35. Kg2 Ra7 36. Kf3 Ra3+ 37. c3 Ra7 38. Ke4 Kf8 39. Kd5 Ra5+ 40.
Rc5 Ra2 41. h4 Rh2 42. Rc4 Rf2 43. Ke4 Re2+ 44. Kf3 Re5 45. Kf4 Re7 46. Re4 Rd7
47. Rd4 Re7 48. Rd8+ Kg7 49. Rc8 Kh7 50. c4 Kg7 51. c5 Re1 52. Rxc7 Rc1 53. c6
Rc2 54. Rc8 Rc1 55. c7 Rc2 56. Ke4 Rc1 57. Kd5 Rd1+ 58. Kc6 Rc1+ 59. Kb5 Rb1+
60. Ka4 Ra1+ 61. Kb3 Rc1 62. Kb2 Rc6 63. Ka3 1/2-1/2

[Event "AUTO-ADV-3373"]
[Site "http://www.queenalice.com/game.php?id=1386208"]
[Date "2015.9.29"]
[Round "2"]
[White "jlpbarreto"]
[Black "Paked"]
[Result "0-1"]
[WhiteElo "1846"]
[BlackElo "1970"]

1. e4 e5 2. Nf3 Nc6 3. Bc4 Be7 4. O-O Nf6 5. d3 O-O 6. Bg5 h6 7. Bh4 d6 8. h3
Nd4 9. Nbd2 Nxf3+ 10. Qxf3 Be6 11. Bb3 d5 12. exd5 Bxd5 13. Bxd5 Nxd5 14. Bg3
Qd6 15. Nc4 Qc5 16. Bxe5 Bf6 17. Rfe1 Rae8 18. Rab1 Bxe5 19. Nxe5 Qd6 20. Nc4
Rxe1+ 21. Rxe1 Qd7 22. Nd2 c6 23. a3 Re8 24. Re4 f5 25. Re2 Rxe2 26. Qxe2 Nf4
27. Qe3 g5 28. h4 Qe6 29. Qxe6+ Nxe6 30. Nf3 g4 31. Ne5 Kf8 32. g3 h5 33. Kf1
Kg7 34. Nc4 Kf6 35. Na5 Nd8 36. b4 Ke5 37. c3 b6 38. Nc4+ Ke6 39. d4 Kd5 40.
Ne3+ Ke4 41. Ke2 b5 42. Ng2 Ne6 43. Nf4 Nxf4+ 44. gxf4 Kxf4 0-1

[Event "AUTO-ADV-3373"]
[Site "http://www.queenalice.com/game.php?id=1386209"]
[Date "2015.9.29"]
[Round "2"]
[White "Paked"]
[Black "maurice91"]
[Result "1-0"]
[WhiteElo "1965"]
[BlackElo "1879"]

1. d4 d5 2. e3 Nf6 3. Be2 Bf5 4. f4 h6 5. Nf3 e6 6. O-O Be7 7. Bd3 Be4 8. Nc3
Bxd3 9. Qxd3 O-O 10. a3 c5 11. dxc5 Bxc5 12. b4 Bb6 13. Bb2 Na6 14. f5 exf5 15.
Na4 Nc7 16. Nxb6 axb6 17. Qxf5 Qd6 18. Be5 Qc6 19. Nd4 Qd7 20. Qxd7 Nxd7 21.
Bxc7 Rac8 22. Bd6 Rfe8 23. Nf5 Kh7 24. Ne7 Rxc2 25. Rxf7 Nf6 26. Rf1 Ne4 27. Be5
Nf6 28. Bxf6 Rxe7 29. Rxe7 1-0

[Event "AUTO-ADV-3373"]
[Site "http://www.queenalice.com/game.php?id=1386210"]
[Date "2015.9.29"]
[Round "2"]
[White "maurice91"]
[Black "Paked"]
[Result "1-0"]
[WhiteElo "1852"]
[BlackElo "1986"]

1. d4 d5 2. Nf3 Bf5 3. Bf4 e6 4. Nbd2 Bb4 5. c3 Bd6 6. Ne5 Nf6 7. e3 O-O 8. g4
Bg6 9. Nxg6 fxg6 10. g5 Ne4 11. Nxe4 Bxf4 12. exf4 dxe4 13. Qg4 Rf5 14. Bg2 Qd6
15. Bxe4 Rxf4 16. Qe2 Nc6 17. O-O-O Raf8 18. f3 Ne7 19. h4 Rxh4 20. Rxh4 1-0

[Event "AUTO-OPEN-3475"]
[Site "http://www.queenalice.com/game.php?id=1387184"]
[Date "2015.10.3"]
[Round "2"]
[White "Scharlatan"]
[Black "Paked"]
[Result "0-1"]
[WhiteElo "1885"]
[BlackElo "1938"]

1. e4 e5 2. f4 exf4 3. Nf3 d6 4. d4 Bg4 5. Bxf4 Nf6 6. Nc3 Nc6 7. Bc4 Be7 8. O-O
O-O 9. Be3 a6 10. Qe1 Bxf3 11. Rxf3 b5 12. Bd3 h6 13. Rh3 Ng4 14. Bd2 Nxd4 15.
Qg3 Bg5 16. Qxg4 Bxd2 17. Rxh6 Bxh6 0-1

[Event "AUTO-OPEN-3475"]
[Site "http://www.queenalice.com/game.php?id=1387185"]
[Date "2015.10.3"]
[Round "2"]
[White "Paked"]
[Black "Scharlatan"]
[Result "1-0"]
[WhiteElo "1976"]
[BlackElo "1824"]

1. e4 c5 2. Nf3 d6 3. Be2 Nc6 4. d4 cxd4 5. Nxd4 Nf6 6. Nc3 g6 7. O-O Bg7 8.
Nxc6 bxc6 9. e5 Nd7 10. exd6 O-O 11. dxe7 Qxe7 12. Bf3 Ne5 13. Bf4 Nxf3+ 14.
Qxf3 Bb7 15. Rfe1 Qb4 16. Rab1 c5 17. Qg3 Rfe8 18. Rxe8+ Rxe8 19. h3 a5 20. a3
1-0

[Event "AUTO-OPEN-3475"]
[Site "http://www.queenalice.com/game.php?id=1391242"]
[Date "2015.10.28"]
[Round "3"]
[White "josebaron"]
[Black "Paked"]
[Result "0-1"]
[WhiteElo "2172"]
[BlackElo "1977"]

1. e4 e5 2. Bc4 Bc5 3. Nf3 Nf6 4. d3 O-O 5. Nxe5 d6 6. Nf3 Bg4 7. h3 Bh5 8. O-O
Nc6 9. c3 Ne5 10. Nbd2 Nxc4 11. dxc4 Bxf3 12. Qxf3 a5 13. a4 c6 14. Nb3 Ba7 15.
Bg5 Qe7 16. Nxa5 Bb6 17. Nb3 Bd8 18. Bxf6 Qxf6 19. Qxf6 Bxf6 20. a5 h6 21. f4
Rfe8 22. Rfe1 Bh4 23. Re2 d5 24. cxd5 cxd5 25. e5 Bg3 26. Ra4 Rec8 27. Re3 Rc4
28. Rxc4 dxc4 29. Nd4 Bxf4 30. Re4 Bg5 31. Nf3 Rxa5 32. Nxg5 hxg5 33. Rxc4 Rb5
34. b4 Rxe5 35. Rc5 Rxc5 36. bxc5 Kf8 37. Kf2 Ke7 38. Ke3 Kd7 39. g4 g6 40. Ke4
Ke6 41. c4 f6 42. Kd4 f5 43. gxf5+ gxf5 44. c6 bxc6 45. c5 Kf6 46. Ke3 Ke5 47.
Kf3 Kd4 48. Ke2 Kxc5 0-1

[Event "AUTO-OPEN-3475"]
[Site "http://www.queenalice.com/game.php?id=1391243"]
[Date "2015.10.28"]
[Round "3"]
[White "Paked"]
[Black "josebaron"]
[Result "0-1"]
[WhiteElo "1986"]
[BlackElo "2168"]

1. e4 e5 2. Nf3 Nc6 3. Bc4 Bc5 4. O-O Nf6 5. d3 d6 6. Bg5 O-O 7. Nc3 h6 8. Bh4
Be6 9. Bd5 Bg4 10. h3 Bh5 11. g4 Bg6 12. a3 a5 13. Bc4 Nd4 14. Nd5 c6 15. Nxf6+
gxf6 16. Nxd4 Bxd4 17. c3 Bb6 18. Qf3 Kg7 19. g5 fxg5 20. Bg3 f6 21. h4 Bf7 22.
hxg5 fxg5 23. Bxf7 Rxf7 24. Qh5 Qe8 25. Qg4 Qf8 26. Kg2 Rf6 27. Qd7+ Qf7 28. Qg4
Rf8 29. Rad1 Bxf2 30. Rxf2 Rxf2+ 31. Bxf2 Qxf2+ 32. Kh1 Qxb2 33. Qd7+ Rf7 34.
Qxd6 Qxc3 35. a4 c5 36. Kg1 Qd4+ 37. Qxd4 cxd4 38. Rb1 g4 39. Rb5 Re7 40. Rxa5
Kg6 41. Rb5 Kg5 42. Rb6 h5 43. Kg2 h4 0-1

[Event "AUTO-OPEN-3520"]
[Site "http://www.queenalice.com/game.php?id=1404277"]
[Date "2016.1.15"]
[Round "2"]
[White "Paked"]
[Black "RDario"]
[Result "1-0"]
[WhiteElo "2021"]
[BlackElo "1967"]

1. e4 d6 2. d4 Nd7 3. f4 g6 4. Nf3 Bg7 5. Bc4 c5 6. dxc5 Nxc5 7. e5 Qa5+ 8. Bd2
Qb6 9. Bc3 Qc7 10. exd6 Bxc3+ 11. Nxc3 exd6 12. Qd4 f6 13. Nb5 Qb6 14. Nxd6+ Kf8
15. Nxc8 Rxc8 16. O-O-O Ne7 17. Qd6 Qxd6 18. Rxd6 Kg7 19. Re1 Nf5 20. Rd5 Rhd8
21. Rxd8 Rxd8 22. g4 Nd4 23. Re7+ Kh6 24. g5+ fxg5 25. fxg5+ Kh5 26. Rxh7+ Kg4
27. Ne5+ Kf5 28. Nf7 Rd7 29. b4 Ne4 30. Nh6+ Kxg5 31. Rxd7 Nf3 32. Nf7+ Kf6 33.
Nd6 Ned2 34. Ne8+ Ke5 35. Rxd2 Nxd2 36. Kxd2 g5 37. Ke3 Kf5 38. Nd6+ Kg4 39.
Be6+ Kh4 40. Nxb7 g4 41. c4 Kh3 42. c5 a6 43. c6 Kxh2 44. Bxg4 1-0

[Event "AUTO-OPEN-3520"]
[Site "http://www.queenalice.com/game.php?id=1404278"]
[Date "2016.1.15"]
[Round "2"]
[White "RDario"]
[Black "Paked"]
[Result "0-1"]
[WhiteElo "1953"]
[BlackElo "2035"]

1. d4 d5 2. Nf3 e6 3. Bf4 Nf6 4. Nbd2 Bd6 5. Ne5 O-O 6. e3 Bd7 7. Bd3 Nc6 8. Qf3
Bxe5 9. dxe5 Ne8 10. h4 f6 11. Qg3 fxe5 12. Bxe5 Nxe5 13. Qxe5 Nf6 14. f3 c5 15.
g4 c4 16. Be2 b5 17. f4 Qe8 18. Nf1 Ne4 19. Rg1 Qf7 20. Ng3 Nxg3 21. Rxg3 Qe7
22. f5 Qxh4 23. Kd2 Qf6 24. Qxf6 Rxf6 25. fxe6 Bxe6 26. g5 Rf2 27. Rf1 Raf8 28.
Rxf2 Rxf2 29. Rf3 Rg2 30. Ke1 Bg4 31. Rf2 Rxf2 32. Kxf2 Bxe2 33. Kxe2 Kf7 34. c3
Ke6 35. Kf3 Kf5 36. b3 Kxg5 37. e4 dxe4+ 38. Kxe4 h5 39. Kf3 h4 40. bxc4 bxc4
41. a4 Kf5 42. a5 g5 43. a6 g4+ 44. Kf2 Kf4 0-1

[Event "Challenge"]
[Site "http://www.queenalice.com/game.php?id=1409929"]
[Date "2016.2.18"]
[Round "-"]
[White "Paked"]
[Black "Canaye"]
[Result "1-0"]
[WhiteElo "2006"]
[BlackElo "1975"]

1. e4 e6 2. d4 d5 3. e5 c5 4. c3 Nc6 5. Bb5 Qb6 6. Bxc6+ bxc6 7. Nf3 cxd4 8.
cxd4 Bb4+ 9. Nc3 Bxc3+ 10. bxc3 Ne7 11. O-O O-O 12. Ba3 Re8 13. Ng5 Qa5 14. Bb4
Qd8 15. Qh5 Ng6 16. Qxh7# 1-0